Statistics for [路線図付き] 東京メトロ 有楽町線 駅名穴埋めクイズ

Click here to take the quiz!

General Stats

  • This quiz has been taken 348 times
  • The average score is 20 of 24

Answers on the Map

Answers color-coded by a green-red scale on the quiz's map according to % correct below.
 

Answer Stats

Answer% Correct
有楽町線Y09池袋
97%
有楽町線Y24新木場
92%
有楽町線Y18有楽町
92%
有楽町線Y01和光市
90%
有楽町線Y13飯田橋
90%
有楽町線Y22豊洲
86%
有楽町線Y02地下鉄成増
86%
有楽町線Y06小竹向原
85%
有楽町線Y16永田町
85%
有楽町線Y14市ヶ谷
84%
有楽町線Y03地下鉄赤塚
83%
有楽町線Y21月島
82%
有楽町線Y07千川
81%
有楽町線Y10東池袋
81%
有楽町線Y05氷川台
79%
有楽町線Y08要町
78%
有楽町線Y04平和台
78%
有楽町線Y19銀座一丁目
76%
有楽町線Y23辰巳
76%
有楽町線Y11護国寺
74%
有楽町線Y10新富町
71%
有楽町線Y15麹町
71%
有楽町線Y17桜田門
70%
有楽町線Y12江戸川橋
69%

Score Distribution

Percentile by Number Answered

Percent of People with Each Score

Your Score History

You have not taken this quiz